Statistics for Clueless #8

Click here to take the quiz!

General Stats

  • This quiz has been taken 188 times
    (63 since last reset)
  • The average score is 44 of 106

Answer Stats

Word % Correct
a
100%
The
96%
the
96%
I
94%
I,
94%
To
88%
to
88%
be
82%
And
80%
and
80%
on
78%
In
78%
in
78%
where
69%
that
69%
no
67%
it
67%
this
67%
for
65%
how
63%
not
61%
shall
61%
Not
61%
if
59%
there
57%
all
57%
one
57%
could
55%
Then
53%
has
51%
as
51%
was
51%
by,
51%
by
51%
having
49%
day!
47%
Two
47%
with
45%
had
45%
Had
45%
took
43%
them
43%
knowing
43%
less
41%
should
41%
made
39%
ever
39%
travel
37%
traveler,
37%
come
37%
traveled
37%
wanted
37%
roads
35%
Road
35%
Though
35%
looked
35%
Because
33%
down
33%
way
33%
wood,
33%
far
33%
difference.
33%
long
31%
Taken
31%
another
31%
other,
31%
diverged
31%
back.
31%
first
29%
telling
29%
Robert
29%
yellow
29%
Frost
27%
about
25%
both
25%
just
24%
Oh,
24%
Yet
22%
really
22%
passing
22%
wear,
20%
lay
20%
stood
20%
better
20%
leads
20%
hence:
20%
sorry
18%
bent
18%
ages
18%
same,
18%
perhaps
18%
fair,
16%
sigh
16%
black.
16%
undergrowth;
16%
trodden
16%
Somewhere
16%
leaves
16%
morning
16%
step
14%
claim
14%
equally
14%
doubted
14%
kept
12%
grassy
12%
worn
12%

Score Distribution

Percentile by Number Answered

Percent of People with Each Score

Your Score History

You have not taken this quiz since the last reset